[Event "Quebec-ch Intercoll"]
[Site "Montreal"]
[Date "1991.03.29"]
[Round "2"]
[White "Font, Albert"]
[Black "Grondin, Jean Philippe"]
[Result "1-0"]
[WhiteElo "1641"]
[BlackElo "1875"]
[PlyCount "109"]
[EventDate "1991.03.29"]
[EventType "swiss"]
[EventRounds "6"]
[EventCountry "CAN"]
[SourceTitle "EXT 2022"]
[Source "ChessBase"]
[SourceDate "2021.10.06"]
[SourceVersion "1"]
[SourceVersionDate "2021.10.06"]
[SourceQuality "1"]

1. d4 Nf6 2. c4 e5 3. dxe5 Ng4 4. Nf3 Nc6 5. Bf4 Bb4+ 6. Nbd2 Qe7 7. e3 Ngxe5 8. Be2 Nxf3+ 9. gxf3 g5 10. Bg3 h5 11. h4 d6 12. hxg5 Qxg5 13. a3 Bxd2+ 14. Qxd2 Be6 15. Bh4 Qe5 16. f4 Qf5 17. f3 Qc5 18. Qc3 Kd7 19. 0-0-0 a5 20. e4 Rhe8 21. Rh2 a4 22. f5 Bxf5 23. exf5 Qxf5 24. Qf6 Qxf6 25. Bxf6 Re6 26. Bc3 Rh6 27. f4 h4 28. Rdh1 Re8 29. Bg4+ Kd8 30. Rxh4 Rxh4 31. Bf6+ Ne7 32. Rxh4 c6 33. Rh8 Rxh8 34. Bxh8 Kc7 35. Kd2 Ng6 36. Bf6 Nxf4 37. Bf5 b6 38. Ke3 Ne6 39. Bxe6 fxe6 40. Be7 Kd7 41. Bf8 e5 42. Ke4 Ke6 43. Bh6 d5+ 44. cxd5+ cxd5+ 45. Kd3 Kd7 46. Kc3 Kc6 47. Kb4 b5 48. Bg7 Kd6 49. Kxb5 d4 50. Kc4 Ke6 51. Kc5 Kf5 52. Kd5 Kg4 53. Bxe5 d3 54. Bc3 Kf3 55. Kc4 1-0